Allgemeinwissen-Quiz #47 - Statistiken

Allgemein
  • Dieses Quiz wurde 78 mal gespielt
    51 seit der letzten Aktualisierung
  • Das Durchschnittsergebnis liegt bei 11 aus 20
Antwortstatistiken
Frage Antwort % Korrekt
Welches Tier legt die grössten Eier? Strauss
98%
Friedrich Merz wurde im Mai 2025 zum Bundeskanzler gewählt. In welchem Wahlgang schaffte er es? 2.
95%
Wie viele Nullen hat eine Billion im Deutschen? 12
77%
Auf welchem dieser Bilder mit Ronald Reagan ist ausserdem Clint Eastwood zu sehen?
75%
Du befindest dich in Bukarest (Rumänien) und wanderst Richtung Süden. Welches Land erreichst du als Nächstes? Bulgarien
75%
Welcher Planet ist der Sonne am nächsten? Merkur
73%
Wie heisst das Raumschiff von Han Solo in Star Wars? Millennium Falcon
66%
Welches Land gewann die Fussball-Weltmeisterschaft 2006? Italien
61%
Welches Logo gehört zu "DoorDash"?
59%
Von welcher Sängerin stammt der Song "A Thousand Miles"? Vanessa Carlton
52%
Wo sehen wir Taipeh (Taipei)?
50%
Dieses Land hatte noch nie eine Regierungschefin? Japan
50%
Wann wurde die Londoner U-Bahn eröffnet? 1863
45%
Welches Enzym wird im Speichel zur Stärkeverdauung genutzt? Amylase
39%
Welcher Buchstabe ist auf dem App-Symbol von Gmail abgebildet? M
39%
Welches chemische Element hat die Ordnungszahl 79? Gold
36%
Welche Religion hat die Veden als heilige Schriften? Hinduismus
34%
Bei welchem dieser Teams steht Quarterback Joe Burrow unter Vertrag?
30%
Welche Sprache ist am weitesten verbreitet in Afrika? Swahili
16%
Welche deutsche Stadt ist bekannt für ihre Universität und als Geburtsort der Romantik? Jena
5%
Keine übereinstimmenden Quizze gefunden
Verteilung der Resultate
Anzahl Personen mit jedem Resultat
Perzentil nach korrekt beantworteten Fragen
Ihre Resultats-Entwicklung
Sie haben dieses Quiz seit der letzten Aktualisierung nicht gespielt